Longest Running Sitcoms Quiz Stats

 Plays Quiz Updated Feb 8, 2021

Support Sporcle.
Go Orange.
Score 0/42 Timer 06:00
1 Play Today
Years on TV Show % Correct
10Friends
85.5%
32The Simpsons
70.9%
9Seinfeld
70.5%
11Cheers
66.2%
11M*A*S*H
58.1%
12The Big Bang Theory
51.8%
11Frasier
44.5%
9How I Met Your Mother
40.7%
9All in the Family
40.1%
9Everybody Loves Raymond
35%
10Modern Family
34.5%
11Happy Days
32.1%
23South Park
26.3%
9The Office
25.3%
10Will & Grace
24.5%
11The Jeffersons
23.6%
12Two and a Half Men
23.4%
17American Dad!
22.3%
19Family Guy
21.3%
11Married... with Children
20.9%
9Family Matters
19.4%
Years on TV Show % Correct
10Roseanne
18.8%
13King of the Hill
18%
9The King of Queens
17%
11Bob's Burgers
13.6%
12It's Always Sunny in Philadelphia
12.1%
9Curb Your Enthusiasm
11.9%
9The Middle
10.9%
9The Facts of Life
10.3%
9Scrubs
9.7%
9The Beverly Hillbillies
9.1%
11Murphy Brown
8.4%
9Night Court
7.6%
12My Three Sons
6.3%
14The Adventures of Ozzie and Harriet
6.3%
9The Love Boat
6.1%
9Last Man Standing
4.8%
9Alice
4.7%
9Coach
4.6%
9The Drew Carey Show
4.1%
9One Day at a Time
3.9%
11The Danny Thomas Show
2.9%

You're not logged in!

Compare scores with friends on all Sporcle quizzes.
OR
Log In

From the Vault

FIFA Players With Most Caps

by Ben

Actual caps are not typically given any more, which is a shame cause that would look mighty classy on a football field.
Remove Ads.
Support Sporcle.
Get the best of Sporcle when you Go Orange. This ad-free experience offers more features, more stats, and more fun while also helping to support Sporcle. Thank you for becoming a member.

Show Comments

Extras

Top Quizzes Today


Score Distribution

Your Account Isn't Verified!

In order to create a playlist on Sporcle, you need to verify the email address you used during registration. Go to your Sporcle Settings to finish the process.

Report this User

Report this user for behavior that violates our Community Guidelines.

Details: